| 000 -LEADER |
| fixed length control field |
00655nam a22001337a 4500 |
| 040 ## - CATALOGING SOURCE |
| Transcribing agency |
RUA |
| 082 ## - DEWEY DECIMAL CLASSIFICATION NUMBER |
| Classification number |
AGR PET 2022 B1-406 Or. |
| 100 ## - MAIN ENTRY--AUTHOR NAME |
| Personal name |
PET BONA,ប៉ែត បូណា |
| 245 ## - TITLE STATEMENT |
| Title |
COMPARISON OF PAK CHOY (Brassica rapasubsp Chinensis L.) VARIETIES ON GROWTH AND YIELD IN DRY SEASON,ការប្រៀបធៀបពូជដំណាំស្ពៃតឿលើការលូតលាស់ និងទិន្នផលនៅរដូវប្រាំង |
| 260 ## - PUBLICATION, DISTRIBUTION, ETC. (IMPRINT) |
| Place of publication |
phnom penh |
| Name of publisher |
rua |
| Year of publication |
2022 |
| 300 ## - PHYSICAL DESCRIPTION |
| Number of Pages |
x.37p. |
| Other physical details |
ill. |
| Dimensions |
29cm. |
| 856 ## - ELECTRONIC LOCATION AND ACCESS |
| Uniform Resource Identifier |
https://drive.google.com/file/d/1Qb1NwcQfpsrrAgMaNLMDST1XqyDwhKin/view?usp=sharing |
| 942 ## - ADDED ENTRY ELEMENTS (KOHA) |
| Koha item type |
AGR |
| 952 ## - LOCATION AND ITEM INFORMATION (KOHA) |
| Withdrawn status [LOCAL, KOHA] |
0 |
| 952 ## - LOCATION AND ITEM INFORMATION (KOHA) |
| Withdrawn status [LOCAL, KOHA] |
0 |
| 952 ## - LOCATION AND ITEM INFORMATION (KOHA) |
| Withdrawn status [LOCAL, KOHA] |
0 |